Haz tu tesis en cultura : 2008 /

Bibliographic Details
Main Author: Consejo Nacional de la Cultura y las Artes
Format: Libro
Language:Spanish
Published: Valparaíso Consejo Nacional de la Cultura y las Artes 2008
Subjects:
Online Access:

MARC

LEADER 00000cam a2200000 a 4500
001 006075
003 UAHC_CL
005 20170803120216.0
008 090826s2008 cl f000 spa
020 |a 9789568327446 
040 |a UAHC_CL  |c UAHC_CL  |d UAHC_CL 
082 0 4 |a 306.0983  |b H431  |2 21 
100 1 |a Consejo Nacional de la Cultura y las Artes 
245 1 0 |a Haz tu tesis en cultura :  |b 2008 /  |c Consejo Nacional de la Cultura y las Artes. 
260 |b Consejo Nacional de la Cultura y las Artes  |a Valparaíso  |c 2008 
300 |a 290 p. 
650 4 |a CULTURA 
651 4 |a CHILE  |x POLITICA CULTURAL 
900 |a 306.0983 HAZT 
942 |c BK 
952 |0 0  |1 0  |4 0  |6 306_098300000000000_HAZT  |7 0  |8 General  |9 13346  |a BC  |b BC  |c General  |d 2017-08-03  |l 0  |o 306.0983 HAZT  |p 1373726  |r 2026-01-16 00:00:00  |t 1  |w 2017-08-03  |y BK 
999 |c 6075  |d 6075